Energy and water development appropriations for 1997 : hearings before a subcommittee of the Committee on Appropriations, House of Representatives, One Hundred Fourth Congress, second session /
| Corporate Authors: | , |
|---|---|
| Format: | Government Document eBook |
| Language: | English |
| Published: |
Washington :
U.S. G.P.O. :
1996.
|
| Series: | U.S. Congressional Hearings.
|
| Subjects: | |
| Online Access: | Connect to the full text of this electronic book Connect to the full text of this electronic book Connect to the full text of this electronic book Connect to the full text of this electronic book Connect to the full text of this electronic book Connect to the full text of this electronic book Connect to the full text of this electronic book Connect to the full text of this electronic book |
MARC
| Tag | First Indicator | Second Indicator | Subfields |
|---|---|---|---|
| LEADER | 00000cam a22000001a 4500 | ||
| 001 | in00003255049 | ||
| 005 | 20190404191824.0 | ||
| 006 | m d f | ||
| 007 | cr bn mmmapmmp | ||
| 008 | 091024s1996 dcuab o f000 0 eng d | ||
| 035 | |a cis2007465891 | ||
| 040 | |a UMI |c UMI |d UtOrBLW | ||
| 043 | |a n-us--- | ||
| 074 | |a 1011 | ||
| 074 | |a 1011-A (MF) | ||
| 086 | 0 | |a Y 4.AP 6/1:EN 2/2/997/PT.1- | |
| 099 | |a HRG-1996-HAP-0003 | ||
| 099 | |a HRG-1996-HAP-0004 | ||
| 099 | |a HRG-1996-HAP-0005 | ||
| 099 | |a HRG-1996-HAP-0006 | ||
| 099 | |a HRG-1996-HAP-0007 | ||
| 099 | |a HRG-1996-HAP-0008 | ||
| 099 | |a HRG-1996-HAP-0009 | ||
| 099 | |a HRG-1996-HAP-0010 | ||
| 110 | 1 | |a United States. |b Congress. |b House. |b Committee on Appropriations. |b Subcommittee on Energy and Water Development. | |
| 245 | 1 | 0 | |a Energy and water development appropriations for 1997 : |b hearings before a subcommittee of the Committee on Appropriations, House of Representatives, One Hundred Fourth Congress, second session / |c Subcommittee on Energy and Water Development. |
| 264 | 1 | |a Washington : |b U.S. G.P.O. : |c 1996. | |
| 264 | 2 | |a Washington : |b For sale by the U.S. G.P.O., Supt. of Docs., Congressional Sales Office, | |
| 300 | |a 1 online resource. | ||
| 336 | |a text |b txt |2 rdacontent | ||
| 337 | |a computer |b c |2 rdamedia | ||
| 338 | |a online resource |b cr |2 rdacarrier | ||
| 500 | |a Record is based on bibliographic data in ProQuest Congressional Hearings Digital Collection. Reuse except for individual research requires license from ProQuest, LLC. | ||
| 505 | 1 | |a pt. 1. Department of the Army ... pt. 2. Department of the Army, Corps of Engineers ... pt. 3. Bureau of Reclamation ... -- pt. 4. Department of Energy fiscal year 1997 budget justifications -- pt. 5. Nuclear Regulatory Commission ... pt. 6. Department of Energy ... -- pts. 7-8. Testimony of members of Congress and other interested individuals and organizations. | |
| 538 | |a System requirements: PDF reader software. | ||
| 500 | |a Electronic resource. | ||
| 610 | 1 | 0 | |a United States. |b Department of Energy |x Appropriations and expenditures. |
| 650 | 0 | |a Energy development |z United States |x Finance. | |
| 650 | 0 | |a Water resources development |z United States |x Finance. | |
| 651 | 0 | |a United States |x Appropriations and expenditures, 1997. | |
| 655 | 7 | |a Electronic books. |2 local | |
| 710 | 2 | |a ProQuest (Firm) | |
| 776 | 0 | 8 | |i Print version: |a United States. Congress. House. Committee on Appropriations. Subcommittee on Energy and Water Development. |t Energy and water development appropriations for 1997 |w gp 96072099 |w (OCoLC)34634421 |
| 776 | 0 | 8 | |i Microfiche version: |a United States. Congress. House. Committee on Appropriations. Subcommittee on Energy and Water Development. |t Energy and water development appropriations for 1997. |d [Bethesda, Md.] : ProQuest,[2004] |o CIS 96 H181-12 (pt.1) |o CIS 96 H181-13 (pt.2) |o CIS 96 H181-14 (pt.3) |o CIS 96 H181-15 (pt.4) |o CIS 96 H181-16 (pt.5) |o CIS 96 H181-17 (pt.6) |o CIS 96 H181-18 (pt.7) |o CIS 96 H181-19 (pt.8) |w (ProQuest)cis09600062 |
| 830 | 0 | |a U.S. Congressional Hearings. | |
| 856 | 4 | 0 | |u http://proxy.library.tamu.edu/login?url=http://congressional.proquest.com/congcomp/getdoc?HEARING-ID=HRG-1996-HAP-0003 |z Connect to the full text of this electronic book |t 0 |
| 856 | 4 | 0 | |u http://proxy.library.tamu.edu/login?url=http://congressional.proquest.com/congcomp/getdoc?HEARING-ID=HRG-1996-HAP-0004 |z Connect to the full text of this electronic book |t 0 |
| 856 | 4 | 0 | |u http://proxy.library.tamu.edu/login?url=http://congressional.proquest.com/congcomp/getdoc?HEARING-ID=HRG-1996-HAP-0005 |z Connect to the full text of this electronic book |t 0 |
| 856 | 4 | 0 | |u http://proxy.library.tamu.edu/login?url=http://congressional.proquest.com/congcomp/getdoc?HEARING-ID=HRG-1996-HAP-0006 |z Connect to the full text of this electronic book |t 0 |
| 856 | 4 | 0 | |u http://proxy.library.tamu.edu/login?url=http://congressional.proquest.com/congcomp/getdoc?HEARING-ID=HRG-1996-HAP-0007 |z Connect to the full text of this electronic book |t 0 |
| 856 | 4 | 0 | |u http://proxy.library.tamu.edu/login?url=http://congressional.proquest.com/congcomp/getdoc?HEARING-ID=HRG-1996-HAP-0008 |z Connect to the full text of this electronic book |t 0 |
| 856 | 4 | 0 | |u http://proxy.library.tamu.edu/login?url=http://congressional.proquest.com/congcomp/getdoc?HEARING-ID=HRG-1996-HAP-0009 |z Connect to the full text of this electronic book |t 0 |
| 856 | 4 | 0 | |u http://proxy.library.tamu.edu/login?url=http://congressional.proquest.com/congcomp/getdoc?HEARING-ID=HRG-1996-HAP-0010 |z Connect to the full text of this electronic book |t 0 |
| 998 | |a cis09600062 | ||
| 999 | |a MARS | ||
| 999 | f | f | |s 56013ce3-3d0e-348f-88ae-f5d2ea4ef172 |i ab9ef499-f40b-3690-965f-026e2b4dafd6 |t 0 |
| 952 | f | f | |a Texas A&M University |b College Station |c Electronic Resources |d Available Online |t 0 |e HRG-1996-HAP-0010 |h Other scheme |
| 998 | f | f | |a HRG-1996-HAP-0010 |t 0 |l Available Online |